00814cam a22002297a 4500003000500000005001700005008004100022010001000063011001000073035001000083040000900093082001400102100001400116245013800130260011900268300003000387490003300417650003400450650002600484650004100510830003300551CHAP20220817041444.0971013s1976 r 00010 d a14979 a15951 a20028 cCHAP a551.4bG800aGrant, K. 0aTerrain classification and evaluation for engineering purposes of the Canberra area, australian capital territory and New South Wales aMelbourne :bCommonwealth Scientific and Industrial Research Organization. Division of Applied Geomechanics,c1976 a266 p.b: ilus. : gráfs 0aCSIRO. Technical paperv; 2214aLevantamiento fisiográfico.14aSuelosxIngeniería.14aTierrasxClasificaciónxAustralia.0 aCSIRO. Technical paperv; 22